Los Recursos humanos en las administraciones públicas / Andrés Rodríguez Fernández (director) ; prólogo de Mariano Baena del Alcázar
ISBN:
84-309-2633-x
Descripción Física:
621 p. ; 21 cm
Colección:
Semilla y surco. Serie de sociología
MARC
| LEADER | 00000nam a2200000Ia 4500 | ||
|---|---|---|---|
| 001 | 19168 | ||
| 008 | 160829s1995 xx 000 0 cat d | ||
| 020 | |a 84-309-2633-x | ||
| 080 | |a M-5-93 | ||
| 245 | |a Los Recursos humanos en las administraciones públicas / Andrés Rodríguez Fernández (director) ; prólogo de Mariano Baena del Alcázar | ||
| 260 | |a Madrid : |b Tecnos, |c 1995 | ||
| 300 | |a 621 p. ; |c 21 cm | ||
| 490 | |a Semilla y surco. Serie de sociología | ||
| 590 | |a Referències bibliogràfiques a cada capítol | ||
| 650 | |a Recursos humans |9 36269 | ||
| 650 | 0 | |a Administració pública |9 23819 | |
| 700 | |a Baena del Alcázar, Mariano |9 45272 | ||
| 700 | |a Rodríguez Fernández, Andrés |9 45273 | ||
| 901 | |a Arxiu | ||
| 942 | |n 1 | ||
| 952 | |0 0 |1 0 |4 0 |6 M593 |7 1 |9 52488 |a Arxiu |b Arxiu |d 2016-12-01 |l 0 |o M-5-93 |p 19168 |r 2016-12-01 00:00:00 |w 2016-12-01 |y ARXIU | ||
| 999 | |c 56336 |d 56336 | ||